Statistics for 50 Biggest Towns in Queensland by Population

Click here to take the quiz!

General Stats

  • This quiz has been taken 33 times
  • The average score is 13 of 50

Answer Stats

PopulationLocationAnswer% Correct
2,054,614South EastBrisbane
100%
540,559South EastGold Coast
100%
243,337South EastSunshine Coast
95%
144,730Far-NorthCairns
89%
61,214CentralRockhampton
84%
168,729NorthTownsville
84%
75,710CentralMackay
79%
100,032Darling DownsToowoomba
79%
50,148Wide-Bay BurnettBundaberg
63%
13,532CentralEmerald
42%
33,418CentralGladstone
37%
18,267Wide-Bay BurnettGympie
37%
52,073Wide-Bay BurnettHervey Bay
37%
16,350CentralYeppoon
37%
22,206Wide-Bay BurnettMaryborough
32%
18,342Gulf CountryMount Isa
32%
6,853MaranoaRoma
32%
13,862Darling DownsWarwick
26%
4,353NorthIngham
21%
9,334CentralAirlie Beach
16%
8,854NorthBowen
16%
5,524Southern DownsGoondiwindi
16%
7,241Far NorthInnisfail
16%
10,066Wide-Bay BurnettKingaroy
16%
18,181South EastNambour
16%
6,869Far NorthAtherton
11%
11,055Wide-Bay BurnettBargara
11%
5,742CentralBiloela
11%
4,618CentralBlackwater
11%
8,126NorthCharters Towers
11%
12,005Darling DownsDalby
11%
10,813CentralGracemere
11%
7,736Far NorthMareeba
11%
8,283NorthAyr
5%
5,828South EastBeaudesert
5%
5,033South EastBeerwah
5%
5,878Western DownsChinchilla
5%
6,330South EastGatton
5%
8,333CentralMoranbah
5%
4,974Southern DownsStanthorpe
5%
9,528CentralTannum Sands
5%
18,142South EastBongaree
0%
4,577CentralEmu Park
0%
5,977Far NorthGordonvale
0%
9,474Darling DownsHigh Fields
0%
5,552South EastJimboomba
0%
4,778South EastKensington Grove
0%
5,703South EastMount Cotton
0%
9,094South EastSandstone Point
0%
7,349South EastTamborine Mountain
0%

Score Distribution

Percentile by Number Answered

Percent of People with Each Score

Your Score History

You have not taken this quiz